| 000 | 00671nam a22002297a 4500 | ||
|---|---|---|---|
| 005 | 20251108173606.0 | ||
| 008 | 250721s2007 xx 000 0 ara d | ||
| 082 | 1 | 4 | _a217.8/ فتا |
| 100 | 1 | _aالقرضاوي، يوسف | |
| 245 | 1 | 0 | _aفتاوى النساء / |
| 264 | 1 |
_aعمان : _bدار البشير، _c2007. |
|
| 300 | _a661ص. | ||
| 650 | 1 | 7 | _aالإسلام |
| 650 | 1 | 7 | _aالفتاوى |
| 650 | 1 | 7 | _aالمرأة المسلمة |
| 700 | 1 | _aشلتوت، محمود | |
| 700 | 1 | _aمحمود، عبد الحليم | |
| 700 | 1 | _aالشعراوي، محمد متولي | |
| 700 | 1 | _aحماني، أحمد | |
| 942 |
_2ddc _cBK |
||
| 999 |
_c107655 _d107655 |
||